[Event "Almunecar FEDC op 17th"]
[Site "Almunecar"]
[Date "2016.09.27"]
[Round "3"]
[White "Bravo de los Santos, Francisco"]
[Black "Mena Lena, Antonio"]
[Result "1-0"]
[WhiteElo "1672"]
[BlackElo "1284"]
[PlyCount "47"]
[EventDate "2016.09.25"]
[EventType "swiss"]
[EventRounds "7"]
[EventCountry "ESP"]
[SourceTitle "EXT 2017"]
[Source "ChessBase"]
[SourceDate "2016.10.25"]
[SourceVersion "1"]
[SourceVersionDate "2016.10.25"]
[SourceQuality "1"]

1. e4 c5 2. d4 e6 3. Nf3 Nc6 4. Nc3 d5 5. exd5 exd5 6. Be2 Be7 7. 0-0 Nf6 8. Bg5 c4 9. Ne5 Be6 10. f4 Bf5 11. Bf3 Nb4 12. Rc1 a6 13. g4 Be4 14. Bxf6 Bxf3 15. Qxf3 Bxf6 16. a3 Nc6 17. Rcd1 Ne7 18. Rd2 Bh4 19. Nd1 Qd6 20. c3 f6 21. Qh3 g5 22. fxg5 Bxg5 23. Qh5+ Kf8 24. Qf7# 1-0